LIBRARY & INFORMATION CENTRE, KCAET, TAVANUR

ONLINE PUBLIC ACCESS CATALOGUE (OPAC)

Pre university chemistry: Pass book / (Record no. 9721)

MARC details
000 -LEADER
fixed length control field 00687cam a2200181ua 4500
041 ## - LANGUAGE CODE
Language code of text/sound track or separate title eng
082 ## - DEWEY DECIMAL CLASSIFICATION NUMBER
Classification number 540
Item number SON/PR
100 ## - MAIN ENTRY--AUTHOR NAME
Personal name Soni, P L .
245 ## - TITLE STATEMENT
Title Pre university chemistry: Pass book /
260 ## - PUBLICATION, DISTRIBUTION, ETC. (IMPRINT)
Place of publication New Delhi :
Name of publisher S.Chand and Co ,
Year of publication 1961.
300 ## - PHYSICAL DESCRIPTION
Number of Pages 280 ; .
942 ## - ADDED ENTRY ELEMENTS (KOHA)
Koha item type Books
Holdings
Withdrawn status Lost status Damaged status Home library Current library Date acquired Full call number Accession Number Koha item type
Withdrawn     KAUAET Sanskrit University 07/04/2012 540 810 Books
free website counter